[Event "Pan American-ch School U15 Girls 12th"]
[Site "Callao"]
[Date "2023.10.17"]
[Round "4"]
[White "Fernandez Alata, Yenyfer"]
[Black "Maravi Ceron, Ayme Jacqueline"]
[Result "0-1"]
[WhiteElo "1041"]
[BlackElo "1425"]
[PlyCount "72"]
[EventDate "2023.10.16"]
[EventType "swiss"]
[EventRounds "9"]
[EventCountry "PER"]
[SourceTitle "Mega2024 Update 01"]
[Source "Chessbase"]
[SourceDate "2023.11.12"]
[SourceVersion "1"]
[SourceVersionDate "2023.11.12"]
[SourceQuality "1"]

1. d4 d5 2. c4 c6 3. e3 Nf6 4. Nc3 a6 5. b3 Bf5 6. Bd3 Bg6 7. Nf3 e6 8. 0-0 Nbd7 9. Bb2 b5 10. c5 Be7 11. b4 0-0 12. a4 Qc7 13. Qc2 Bxd3 14. Qxd3 e5 15. Nxe5 Nxe5 16. dxe5 Qxe5 17. Qd4 Qg5 18. Ne2 Ne4 19. f3 Bf6 20. Qd3 Bxb2 21. Ra2 Nxc5 22. bxc5 Bf6 23. axb5 axb5 24. f4 Qg4 25. h3 Qd7 26. Rxa8 Rxa8 27. Nd4 Bxd4 28. exd4 b4 29. Rb1 Rb8 30. Qa6 h6 31. g4 Qe8 32. Qd3 Qd8 33. Qa6 Qc7 34. Rf1 b3 35. Qd3 b2 36. Qb1 Qa5 0-1